Statistiques concernant Quiz sur la Scandinavie

Cliquez ici pour prendre le quiz!

Statistiques générales

  • Ce quiz a été pris 40 fois
  • Le résultat moyen est 5 sur 15

Statistiques - réponses

HintRéponse% Correct
Peintre norvégien, auteur de la peinture " Le Cri"Edvard Munch
69%
La deuxième langue la plus parlée en SuèdeLe finnois
69%
Ex joueur de tennis suédois ayant remporté 14 titres du Grand ChelemBorg
66%
Explorateur norvégien réalisant le premier hivernage en AntarctiqueRoald Amundsen
45%
La capitale de l'Union de KalmarCopenhague
41%
Ancien joueur de football professionnel danois ayant remporté la Ligue des Champions en 1992Laudrup
34%
L'ancien nom d'OsloChristiania
24%
Le plus grand lac de Suède et troisième plus grand d'EuropeLe Vänern
24%
Ancien duché danois, perdu en 1864 durant la Guerre des DuchésSchleswig
24%
Physicien Danois ayant reçu un prix Nobel pour ses travaux sur la structure atomique en 1922Niels Bohr
21%
Château danois construit par Christian IV, inscrit au patrimoine mondial de l'UNESCOLe Château de Frederiksborg
10%
La plus vieille ville de SuèdeSigtuna
10%
Résidence officielle de la famille royale suédoiseLe château de Drottningholm
7%
Traité résultant de la Guerre de Scanie entre le Danemark et la SuèdeTraité de Saint-Germain-en-Laye
7%
Tunnel routier norvégien long de 24 kilomètresTunnel de Lærdal
7%

Distribution des résultats

Percentile par nombre de réponses

% des personnes avec chaque résultat

Votre développement - résultats

Vous n’avez pas pris ce quiz